The design of hydraulic components and systems (Record no. 544954)

000 -LEADER
fixed length control field 00428nam a22001457a 4500
020 ## - INTERNATIONAL STANDARD BOOK NUMBER
International Standard Book Number 0132971941
082 ## - DEWEY DECIMAL CLASSIFICATION NUMBER
Classification number 620.106
Author Mark MAR
-- l-38, P-186
100 ## - MAIN ENTRY--PERSONAL NAME
Personal name Martin, Hugh
9 (RLIN) 40696
245 ## - TITLE STATEMENT
Title The design of hydraulic components and systems
Statement of responsibility, etc. Martin, Hugh
260 ## - PUBLICATION, DISTRIBUTION, ETC.
Place of publication, distribution, etc. London
Name of publisher, distributor, etc. Ellis HORWOOD
Date of publication, distribution, etc. 1995
300 ## - PHYSICAL DESCRIPTION
Extent xvii, 255 p. :
Other physical details ill, ;
Dimensions 24 cm.
526 ## - STUDY PROGRAM INFORMATION NOTE
Program name 0
Interest level 0
Reading level 0
Title point value 620_106000000000000_MAR
650 ## - SUBJECT ADDED ENTRY--TOPICAL TERM
Topical term or geographic name entry element MCE
9 (RLIN) 379
942 ## - ADDED ENTRY ELEMENTS (KOHA)
Source of classification or shelving scheme
Koha item type Book
Holdings
Withdrawn status Lost status Source of classification or shelving scheme Damaged status Not for loan Permanent Location Current Location Date acquired Total Checkouts Full call number Barcode Date last seen Price effective from Koha item type
          Military College of Engineering (MCE) Military College of Engineering (MCE) 05/14/2014   620.106 MAR MCE-40404 05/14/2014 05/14/2014 Book
© 2023 Central Library, National University of Sciences and Technology. All Rights Reserved.